Countries that have the same name in French and English - Statistics

General Stats
  • This quiz has been taken 42 times
    19 since last reset
  • The average score is 25 of 72
Answer Stats
Countries in French/English % Correct
France
73%
Portugal
73%
Senegal
67%
Canada
60%
Mali
60%
Cuba
53%
Iran
53%
Angola
47%
Belize
47%
Costa Rica
47%
Lesotho
47%
Luxembourg
47%
Monaco
47%
Pakistan
47%
Panama
47%
Qatar
47%
Afghanistan
40%
Antigua-and-Barbuda
40%
Haiti
40%
Honduras
40%
Kenya
40%
Nicaragua
40%
Niger
40%
Nigeria
40%
Paraguay
40%
Rwanda
40%
Togo
40%
Uruguay
40%
Vatican
40%
Venezuela
40%
Viet Nam
40%
Zimbabwe
40%
Bahamas
33%
Bangladesh
33%
Botswana
33%
Ghana
33%
Guatemala
33%
Kosovo
33%
Laos
33%
Liechtenstein
33%
Malawi
33%
Nepal
33%
Yemen
33%
Benin
27%
Burundi
27%
Djibouti
27%
Guyana
27%
Israel
27%
Kazakhstan
27%
Kiribati
27%
Liberia
27%
Madagascar
27%
Mozambique
27%
Sri Lanka
27%
Tonga
27%
Ukraine
27%
Burkina Faso
20%
Gabon
20%
Montenegro
20%
Nauru
20%
Oman
20%
Samoa
20%
Seychelles
20%
Sierra Leone
20%
Turkmenistan
20%
Vanuatu
20%
Maldives
13%
Philippines
13%
Sao Tomé
13%
Swaziland
13%
Tuvalu
13%
Brunei
7%
No matching quizzes found
Score Distribution
Percent of People with Each Score
Percentile by Number Answered
Your Score History
You have not taken this quiz since the last reset